Peranan guru dalam membentuk nilai pelajara:satu kajian di sebuah sekolah rendah di Daerah Johor Bahru /
Saved in:
| Main Author: | |
|---|---|
| Format: | Thesis Book |
| Language: | English |
| Published: |
2008.
|
| Tags: |
Add Tag
No Tags, Be the first to tag this record!
|
| LEADER | 00942cam a2200253 i 4500 | ||
|---|---|---|---|
| 001 | u1120318 | ||
| 003 | SIRSI | ||
| 005 | 201908051344 | ||
| 008 | 190805s2008 my a m 000 0 eng | ||
| 040 | |a UMD |e rda | ||
| 100 | 0 | |a Rose Adila Ismail. | |
| 245 | 1 | 0 | |a Peranan guru dalam membentuk nilai pelajara:satu kajian di sebuah sekolah rendah di Daerah Johor Bahru / |c Rose Adila Ismail. |
| 264 | 1 | |c 2008. | |
| 264 | 4 | |c 2008. | |
| 300 | |a xii, 94 leaves : |b illustrations, ; |c 30 cm. | ||
| 502 | |b M.Ed.Soc.Sc. |c Jabatan Asas Dan Kemanusiaan, Fakulti Pendidikan, Universiti Malaya |d 2008. | ||
| 504 | |a Bibliography: leaves 91-94. | ||
| 710 | 2 | |a Universiti Malaya. |b Fakulti Pendidikan. |e degree granting instituion. | |
| 901 | |a 1 copy in (UMD). | ||
| 336 | |a text$2rdacontent | ||
| 337 | |a unmediated$2rdamedia | ||
| 338 | |a volume$2rdacarrier | ||
| 596 | |a 8 | ||
| 999 | |a LB7 B9 UM 2008 ROSAI |w LC |c 1 |i A517751515 |l STACKS |m P08PENDIDI |r Y |s Y |t TESIS |u 20/6/2022 | ||
